As it Happened: (Record no. 221360)
[ view plain ]
| 000 -LEADER | |
|---|---|
| fixed length control field | 00778nam a22002537a 4500 |
| 005 - DATE AND TIME OF LATEST TRANSACTION | |
| control field | 20220127152900.0 |
| 008 - FIXED-LENGTH DATA ELEMENTS--GENERAL INFORMATION | |
| fixed length control field | 220127b ||||| |||| 00| 0 eng d |
| 020 ## - INTERNATIONAL STANDARD BOOK NUMBER | |
| International Standard Book Number | 8172762836 |
| 040 ## - CATALOGING SOURCE | |
| Transcribing agency | AL |
| 041 ## - LANGUAGE CODE | |
| Language code of text/sound track or separate title | eng |
| 082 ## - DEWEY DECIMAL CLASSIFICATION NUMBER | |
| Edition number | 23 |
| Classification number | 324.2092 |
| Item number | HATA |
| 100 ## - MAIN ENTRY--PERSONAL NAME | |
| Personal name | Jaisukhlal Hathi |
| 100 ## - MAIN ENTRY--PERSONAL NAME | |
| 9 (RLIN) | 14923 |
| 100 ## - MAIN ENTRY--PERSONAL NAME | |
| 9 (RLIN) | 14910 |
| Dates associated with a name | S Ramakrishnan Ed |
| 245 ## - TITLE STATEMENT | |
| Title | As it Happened: |
| Remainder of title | An Autobiography |
| 260 ## - PUBLICATION, DISTRIBUTION, ETC. | |
| Place of publication, distribution, etc. | Mumbai |
| Name of publisher, distributor, etc. | Bharatiya Vidya Bhavan |
| Date of publication, distribution, etc. | 2002 |
| 300 ## - PHYSICAL DESCRIPTION | |
| Extent | xix,516 p. |
| Other physical details | PB |
| Dimensions | 21x14 cm. |
| 365 ## - TRADE PRICE | |
| Price amount | 400.00 |
| Currency code | ₹ |
| Unit of pricing | 400.00 |
| 520 ## - SUMMARY, ETC. | |
| Summary, etc. | Autobiographical reminiscences of a former Indian cabinet minister and governer. |
| 650 ## - SUBJECT ADDED ENTRY--TOPICAL TERM | |
| Topical term or geographic name entry element | Autobiography |
| 9 (RLIN) | 14911 |
| 650 ## - SUBJECT ADDED ENTRY--TOPICAL TERM | |
| Topical term or geographic name entry element | Governers |
| 9 (RLIN) | 14912 |
| 700 ## - ADDED ENTRY--PERSONAL NAME | |
| Personal name | HATHI (Jaisukhlal) |
| 9 (RLIN) | 14913 |
| 710 ## - ADDED ENTRY--CORPORATE NAME | |
| Corporate name or jurisdiction name as entry element | RAMAKRISHNAN (S) Ed |
| 9 (RLIN) | 14924 |
| 942 ## - ADDED ENTRY ELEMENTS (KOHA) | |
| Source of classification or shelving scheme | Dewey Decimal Classification |
| Koha item type | George Fernandes Collections |
| Withdrawn status | Lost status | Source of classification or shelving scheme | Damaged status | Not for loan | Collection code | Home library | Current library | Date acquired | Total Checkouts | Full call number | Barcode | Date last seen | Date last checked out | Price effective from | Koha item type |
|---|---|---|---|---|---|---|---|---|---|---|---|---|---|---|---|
| Dewey Decimal Classification | Political Science | St Aloysius Library | St Aloysius Library | 03/24/2013 | 1 | 324.2092 HATA | GF02005 | 04/25/2022 | 02/11/2022 | 01/27/2022 | George Fernandes Collections |